Statystyki dla Największe miasta Wielkiej Brytani

Kliknij tutaj aby rozwiązać quiz!

Ogólne statystyki

  • Ten quiz został rozwiązany 55 razy
  • Średni wynik to 3 z 5

Statystyki odpowiedzi

ludnośćmiasto% Poprawnych
8 825 001Londyn
100%
1 137 123Birmingham
71%
577 789Glasgow
65%
784 846Leeds
39%
621 020Manchaster
8%

Rozkład punktacji

Percentyl według liczby udzielonych odpowiedzi

Procent ludzi z każdym wynikiem

Twoja historia wyników

Nie rozwiązałeś tego quizu